| 000 -LEADER |
| fixed length control field |
00807pam a2200229 a 4500 |
| 001 - CONTROL NUMBER |
| control field |
989589 |
| 005 - DATE AND TIME OF LATEST TRANSACTION |
| control field |
20210615131202.0 |
| 008 - FIXED-LENGTH DATA ELEMENTS--GENERAL INFORMATION |
| fixed length control field |
860908s1986 enk b 001 0 eng |
| 020 ## - INTERNATIONAL STANDARD BOOK NUMBER |
| International Standard Book Number |
9781138590342 |
| 041 ## - LANGUAGE CODE |
| Language code of text/sound track or separate title |
eng |
| 080 ## - UNIVERSAL DECIMAL CLASSIFICATION NUMBER |
| Universal Decimal Classification number |
376.2 H-25 |
| 100 1# - MAIN ENTRY--PERSONAL NAME |
| Personal name |
Harding, Leonora |
| Dates associated with a name |
|
| 9 (RLIN) |
12048 |
| 245 10 - TITLE STATEMENT |
| Title |
Learning disabilities in the primary classroom / |
| Statement of responsibility, etc. |
Leonora Harding. |
| 264 ## - PRODUCTION, PUBLICATION, DISTRIBUTION, MANUFACTURE, AND COPYRIGHT NOTICE |
| Place of production, publication, distribution, manufacture |
London : |
| Name of producer, publisher, distributor, manufacturer |
Routledge, |
| Date of production, publication, distribution, manufacture, or copyright notice |
1986. |
| 300 ## - PHYSICAL DESCRIPTION |
| Extent |
188 p. ; |
| Dimensions |
24 cm. |
| 504 ## - BIBLIOGRAPHY, ETC. NOTE |
| Bibliography, etc. note |
Bibliography: p. 157-178. |
| 653 ## - INDEX TERM--UNCONTROLLED |
| keyword |
სწავლის უნარის შეზღუდვა დაწყებით კლასში |
| 653 ## - INDEX TERM--UNCONTROLLED |
| keyword |
პედაგოგიკა |
| 653 ## - INDEX TERM--UNCONTROLLED |
| keyword |
Нарушения обучаемости в начальных классах |
| 653 ## - INDEX TERM--UNCONTROLLED |
| keyword |
Педагогика |
| 942 ## - ADDED ENTRY ELEMENTS (KOHA) |
| Source of classification or shelving scheme |
|
| Koha item type |
წიგნი |